000
00281nam a22001337a 4500
008
170504b xxu||||| |||| 00| 0 eng d
020
_a
9780314153524
041
_a
eng
080
_a
342
100
_a
15
101
_a
SHJ
245
_a
FAMILY LAW
_c
KRAUSE, H.D
942
_2
udc
_c
BK
999
_c
12713
_d
12713